Soberania en peligro : La difusión multinacional de las empresas de Estados Unidos /Raymond Vernon (Registro nro. 21151)

Detalles MARC
000 -LÍDER
fixed length control field 00432nam a2200133 4500
008 - ELEMENTOS DE LONGITUD FIJA -- INFORMACIÓN GENERAL
fixed length control field 0 1973 0x 000 0MEX
020 ## - NÚMERO INTERNACIONAL NORMALIZADO PARA LIBROS
ISBN 968-16-1569-7
082 ## - NUMERO DE CLASIFICACION DECIMAL DEWEY
Número de Clasificación 338.88 V168s
100 ## - ASIENTO PRINCIPAL--NOMBRE PERSONAL
Nombre personal Vernon, Raymond
245 ## - TÍTULO
Título Soberania en peligro : La difusión multinacional de las empresas de Estados Unidos /Raymond Vernon
260 ## - PUBLICACIÓN, DISTRIBUCIÓN, ETC. (PIE DE IMPRENTA)
Lugar de publicación, distribución, etc. México : Fondo de cultura economica
300 ## - DESCRIPCIÓN FÍSICA
Extensión 290p. / 21cm.
650 ## - ASIENTO SECUNDARIO DE MATERIA - TERMINO TEMÁTICO
Término temático o nombre geográfico como elemento de entrada 1.SOBERANIA
Existencias
No. biblioteca No. biblioteca Número de clasificación Código de barras/Número de adquisición Número de copia Tipo de material
LUIS G. INCLAN LUIS G. INCLAN 338.88 V168s 15701 2 Libros
Calzada Tecnológico # 27, Zacatepec, Morelos.
01(734) 343-07-23 / 343-21-10 / 343-21-11
Apdo. Postal 45 C.P 62780